000
00316nam a2200133Ia 4500
008
240624s9999 xx 000 0 und d
041
_a
eng
082
_a
823 SMI
100
_a
SMITH WILBUR
245
_a
WAR CRY
260
_c
2017
_a
New Delhi
_b
Harper Collins India
300
_a
506 p.; 21 cm.
365
_c
RS
_b
27.5
999
_c
29613
_d
29613